| 000 | 01938nam0a2200409 4500 | ||
|---|---|---|---|
| 001 | RU\NLR\bibl\1801328 | ||
| 005 | 20260406021007.0 | ||
| 021 |
_aRU _b2011-53444 _93808 |
||
| 035 | _a(nilc)RSL-KNO-004973095 | ||
| 035 | _a(NLR Aleph) 001791992 | ||
| 090 |
_a1763103 _c1763103 |
||
| 100 | _a20110711d2011 |||y0rusy50 ca | ||
| 101 | 0 |
_arus _deng |
|
| 102 | _aRU | ||
| 105 | _aa zzzz||||| | ||
| 200 | 1 |
_aСистема управления источниками питания магнитооптических элементов каналов частиц. Множественный доступ и представление данных _fВ.Н. Алферов, Ю.В. Бордановский, В.С. Лагутин [и др.] |
|
| 210 |
_aПротвино _cИФВЭ _d2011 |
||
| 215 |
_a10 с. _cил. _d20 |
||
| 225 | 1 |
_aПрепринт _fГос. науч. центр Рос. Федерации - Ин-т физики высоких энергий _vИФВЭ 2011-3 ОЭА |
|
| 300 | _aРез. на англ. яз. | ||
| 320 | _aБиблиогр.: с. 9-10 | ||
| 517 | 0 | _aМножественный доступ и представление данных | |
| 606 |
_aУ-70, протонные синхротроны _xКаналы частиц _92380320 _3RU\NLR\auth\661420230 |
||
| 606 | 1 |
_aУ-70, протонные синхротроны _xИсточники питания _92154653 _3RU\NLR\auth\661601962 |
|
| 686 |
_aВ381.126.043,09 _2rubbk |
||
| 686 |
_aВ381.9,03 _2rubbk |
||
| 686 | _aВ381.126 | ||
| 701 | 1 |
_4070 _7ca _8rus _aАлферов _bВ. Н. _f1938- _gВладимир Николаевич _9105411 _3RU\NLR\auth\77122486 |
|
| 701 | 1 |
_aБордановский _bЮ. В. _4070 |
|
| 701 | 1 |
_aЛагутин _bВ. С. _4070 |
|
| 801 | 0 |
_aRU _bRuMoRKP _c20110711 _grcr |
|
| 801 | 1 |
_aRU _bRuMoRGB _c20110711 |
|
| 801 | 2 |
_aRU _bNLR _c20110823 _grcr |
|
| 942 | _cBOOK | ||
| 980 | _aNB | ||
| 980 | _aNBR | ||